An easyguide to APA style / (Record no. 331038)

000 -LEADER
fixed length control field 01322cam a2200325 a 4500
001 - CONTROL NUMBER
control field 17440290
003 - CONTROL NUMBER IDENTIFIER
control field NUST
005 - DATE AND TIME OF LATEST TRANSACTION
control field 20180117090030.0
008 - FIXED-LENGTH DATA ELEMENTS--GENERAL INFORMATION
fixed length control field 120823s2014 caua b 001 0 eng
010 ## - LIBRARY OF CONGRESS CONTROL NUMBER
LC control number 2012034357
020 ## - INTERNATIONAL STANDARD BOOK NUMBER
International Standard Book Number 9781452268392 (spiral)
040 ## - CATALOGING SOURCE
Original cataloging agency DLC
Transcribing agency DLC
Modifying agency DLC
042 ## - AUTHENTICATION CODE
Authentication code pcc
050 00 - LIBRARY OF CONGRESS CALL NUMBER
Classification number BF76.7
Item number .S39 2014
082 00 - DEWEY DECIMAL CLASSIFICATION NUMBER
Classification number 808.06/615
Edition number 23
100 1# - MAIN ENTRY--PERSONAL NAME
Personal name Schwartz, Beth M.
9 (RLIN) 4444
245 13 - TITLE STATEMENT
Title An easyguide to APA style /
Statement of responsibility, etc. Beth M. Schwartz, R. Eric Landrum, Regan A. R. Gurung.
250 ## - EDITION STATEMENT
Edition statement 2nd ed.
260 ## - PUBLICATION, DISTRIBUTION, ETC.
Place of publication, distribution, etc. Los Angeles :
Name of publisher, distributor, etc. SAGE Publications,
Date of publication, distribution, etc. c2014.
300 ## - PHYSICAL DESCRIPTION
Extent xvi, 234 p. :
Other physical details ill. ;
Dimensions 23 cm.
504 ## - BIBLIOGRAPHY, ETC. NOTE
Bibliography, etc. note Includes bibliographical references (p. 219-222) and index.
650 #0 - SUBJECT ADDED ENTRY--TOPICAL TERM
Topical term or geographic name entry element Psychology
General subdivision Authorship
Form subdivision Style manuals.
9 (RLIN) 3173
650 #0 - SUBJECT ADDED ENTRY--TOPICAL TERM
Topical term or geographic name entry element Social sciences
General subdivision Authorship
Form subdivision Style manuals.
9 (RLIN) 3174
700 1# - ADDED ENTRY--PERSONAL NAME
Personal name Landrum, R. Eric.
9 (RLIN) 4445
700 1# - ADDED ENTRY--PERSONAL NAME
Personal name Gurung, Regan A. R.
9 (RLIN) 4446
906 ## - LOCAL DATA ELEMENT F, LDF (RLIN)
a 7
b cbc
c orignew
d 1
e ecip
f 20
g y-gencatlg
942 ## - ADDED ENTRY ELEMENTS (KOHA)
Source of classification or shelving scheme
Koha item type Book
Holdings
Withdrawn status Lost status Source of classification or shelving scheme Damaged status Not for loan Collection code Permanent Location Current Location Shelving location Date acquired Total Checkouts Full call number Barcode Date last seen Price effective from Koha item type
            Central Library (CL) Central Library (CL) General Stacks 08/29/2017   808.06/615 SCH S3H-C-125 08/23/2019 08/29/2017 Book
© 2023 Central Library, National University of Sciences and Technology. All Rights Reserved.